000
00280nam a2200133Ia 4500
100
_a
Jones Franklin
942
_c
RB
654
_a
Mechanisms
245
_a
Ingenious Mechanisms II
260
_b
Industrial Press
_c
2001
082
_a
621.9
300
_a
538
546
_a
ENGLISH
999
_c
28422
_d
28422